00626nam a22001815i 4500001000700000003000900007005001700016008004100033040002000074100002800094245010400122250001300226260005800239300003400297650002300331700001700354852007300371157459ES-MaACL20250724074834.0040810s1853 fr a |||| | fre d aCAM bspa cCAM1 aLegendre, Adrien Marie.10aEléments de géométrie / cpar A.M. Legendre; avec additions et modifications par A. Blanchet. a3e éd. aParis : bLibrairie de Firmin Didot frères, c1853. aII, 284 p. : bil. ; c21 cm. 7aGeometría2embne11aBlanchet, A. aES-MaACLjF-5552 z-- Enc. cartón z-- Ex-libris de Antonio Gascon